Central Library OPAC University of Rajshahi

Discrete mathematical structures / (Record no. 8046)

MARC details
000 -LEADER
fixed length control field 01055pam a2200301 a 4500
001 - CONTROL NUMBER
control field 8046
003 - CONTROL NUMBER IDENTIFIER
rucl marc code BD-RjUL
005 - DATE AND TIME OF LATEST TRANSACTION
control field 20211208234521.0
008 - FIXED-LENGTH DATA ELEMENTS--GENERAL INFORMATION
fixed length control field 140116q19971996njua 001 0 eng d
020 ## - INTERNATIONAL STANDARD BOOK NUMBER
International Standard Book Number 0133209121 (alk. paper)
International Standard Book Number 8120311477
Terms of availability : IRs. 195.00
035 ## - SYSTEM CONTROL NUMBER
System control number (BD-RjUL)8091
040 ## - CATALOGING SOURCE
Original cataloging agency DLC
Transcribing agency DLC
Modifying agency (BD-RjUL)
Language of cataloging eng
041 ## - LANGUAGE CODE
Language code of text/sound track or separate title eng
082 00 - DEWEY DECIMAL CLASSIFICATION NUMBER
Classification number 511.6
Edition number 23
Author mark and year KOD
100 1# - MAIN ENTRY--PERSONAL NAME
Personal name Kolman, Bernard,
Dates associated with a name 1932-
9 (RLIN) 24733
245 10 - TITLE STATEMENT
Title Discrete mathematical structures /
Statement of responsibility, etc. Bernard Kolman, Robert C Busby and Sharon Ross
250 ## - EDITION STATEMENT
Edition statement 3rd ed. , Indian reprint ed.
260 ## - PUBLICATION, DISTRIBUTION, ETC. (IMPRINT)
Place of publication, distribution, etc. New Delhi:. :
Name of publisher, distributor, etc. Prentice Hall of India,
Date of publication, distribution, etc. c1996. [Reprint 1997]
300 ## - PHYSICAL DESCRIPTION
Pagination xvii, 524 p. :
Illustrations col. ill. ;
Size 25 cm.
500 ## - GENERAL NOTE
General note Rev. ed. of: Discrete mathematical structures for computer science. 2nd ed. c1987.
General note Includes index.
650 #0 - SUBJECT ADDED ENTRY--TOPICAL TERM
Topical term or geographic name as entry element Computer science
General subdivision Mathematics.
9 (RLIN) 25089
700 1# - ADDED ENTRY--PERSONAL NAME
Personal name Busby, Robert C. , jt. auth.
Personal name Ross, Sharon , jt. auth.
Dates associated with a name 1943-
942 ## - ADDED ENTRY ELEMENTS (KOHA)
Source of classification or shelving scheme Dewey Decimal Classification
Koha item type Books
Holdings
Lost status Source of classification or shelving scheme Damaged status Not for loan Collection code Permanent Location Current Location Shelving location Date acquired Source of acquisition Cost, normal purchase price Total Checkouts Full call number Date last seen Copy number Koha item type
  Dewey Decimal Classification     Non-fiction Central Library, University of Rajshahi Central Library, University of Rajshahi   21/03/1998 Ahshan Mission Book Dis Dhaka 253.50   511.6 KOD 1997 16/01/2014 C-2 Books
  Dewey Decimal Classification     Non-fiction Central Library, University of Rajshahi Central Library, University of Rajshahi   21/03/1998 Dhaka, Ahsanea house 253.50   511.6 KOD 1997 20/11/2016 C-3 Books
  Dewey Decimal Classification   Not For Loan Non-fiction Central Library, University of Rajshahi Central Library, University of Rajshahi Reading Room 21/03/1998 Dhaka, Ahsania mission book dis. home. 253.00   511.6 KOD 1997 12/04/2017 C-1 Books